MARC

LEADER 00000nam0a2200000 4500
001 316139
005 20231102002839.0
035 |a (RuTPU)RU\TPU\book\341577 
090 |a 316139 
100 |a 20160315d1983 m y0rusy50 ca 
101 1 |a rus  |c eng 
102 |a RU 
105 |a a j 001zy 
200 1 |a Основы органической химии  |e для студентов биологических и медицинских специальностей  |e пер. с англ.  |f А. Райлс, Р. Смит, Р. Уорд 
210 |a Москва  |c Мир  |d 1983 
215 |a 352 с.  |c ил. 
320 |a Предм. указ.: с. 340-347 
606 1 |a Органическая химия  |2 stltpush  |3 (RuTPU)RU\TPU\subj\47309  |9 66362 
610 1 |a учебные пособия 
610 1 |a химические связи 
610 1 |a органические соединения 
610 1 |a стереохимия 
610 1 |a применение 
610 1 |a методы 
610 1 |a разделение 
610 1 |a хроматография 
610 1 |a элементный анализ 
610 1 |a алифатические углеводороды 
610 1 |a ароматические соединения 
610 1 |a галогениды 
610 1 |a спирты 
610 1 |a фенолы 
610 1 |a тиолы 
610 1 |a простые эфиры 
610 1 |a азотистые соединения 
610 1 |a карбонильные соединения 
610 1 |a жиры 
610 1 |a масла 
610 1 |a углеводы 
610 1 |a белки 
610 1 |a нуклеиновые кислоты 
610 1 |a фотосинтез 
610 1 |a биосинтез 
610 1 |a метаболизм 
675 |a 547(075.8)  |v 4 
700 1 |a Райлс  |b А. 
701 1 |a Смит  |b Р. 
701 1 |a Уорд  |b Р. 
801 1 |a RU  |b 63413507  |c 20160315 
801 2 |a RU  |b 63413507  |c 20190423  |g RCR 
942 |c BK